The public and preparatory schools year book 1953 / (Record no. 31272)
[ view plain ]
| 000 -LEADER | |
|---|---|
| fixed length control field | 01278cam a2200313 a 4500 |
| 001 - CONTROL NUMBER | |
| control field | 31272 |
| 003 - CONTROL NUMBER IDENTIFIER | |
| rucl marc code | BD-RjUL |
| 005 - DATE AND TIME OF LATEST TRANSACTION | |
| control field | 20211209051659.0 |
| 008 - FIXED-LENGTH DATA ELEMENTS--GENERAL INFORMATION | |
| fixed length control field | 140415t1934 enkuu p 0 0eng d |
| 035 ## - SYSTEM CONTROL NUMBER | |
| System control number | (BD-RjUL)31359 |
| 040 ## - CATALOGING SOURCE | |
| Original cataloging agency | DLC |
| Language of cataloging | eng |
| Transcribing agency | DLC |
| Modifying agency | BD-RjUL |
| 041 ## - LANGUAGE CODE | |
| Language code of text/sound track or separate title | eng |
| 082 04 - DEWEY DECIMAL CLASSIFICATION NUMBER | |
| Classification number | 373.42 |
| Author mark and year | PUB 1934 |
| 212 1# - VARIANT ACCESS TITLE [OBSOLETE] | |
| Variant access title | Public & preparatory schools year book |
| 245 04 - TITLE STATEMENT | |
| Title | The public and preparatory schools year book 1953 / |
| Statement of responsibility, etc. | edited by J.F. Burnet ; L.W. Taylor |
| 260 ## - PUBLICATION, DISTRIBUTION, ETC. (IMPRINT) | |
| Place of publication, distribution, etc. | London : |
| Name of publisher, distributor, etc. | Adam and Charles black, |
| Date of publication, distribution, etc. | 1934. |
| 300 ## - PHYSICAL DESCRIPTION | |
| Pagination | xxxiv, 1046 p. ; |
| Size | 19 cm |
| 500 ## - GENERAL NOTE | |
| General note | "The official book of reference of the Headmasters' Conference and of the Association of Preparatory Schools" |
| 650 #0 - SUBJECT ADDED ENTRY--TOPICAL TERM | |
| Topical term or geographic name as entry element | Private schools |
| Geographic subdivision | Great Britain |
| Form subdivision | Directories. |
| 9 (RLIN) | 95166 |
| Topical term or geographic name as entry element | Endowed public schools (Great Britain) |
| Form subdivision | Directories. |
| 9 (RLIN) | 95167 |
| Topical term or geographic name as entry element | Boys |
| General subdivision | Education |
| Geographic subdivision | Great Britain |
| Form subdivision | Directories. |
| 9 (RLIN) | 95168 |
| 700 1# - ADDED ENTRY--PERSONAL NAME | |
| Personal name | BUrnet, JF. |
| Personal name | Taylor, L.W. |
| 710 2# - ADDED ENTRY--CORPORATE NAME | |
| Corporate name or jurisdiction name as entry element | Association of Preparatory Schools. |
| 9 (RLIN) | 95171 |
| 711 2# - ADDED ENTRY--MEETING NAME | |
| Meeting name or jurisdiction name as entry element | Headmasters' Conference. |
| 9 (RLIN) | 95172 |
| 780 00 - PRECEDING ENTRY | |
| Title | Public schools year book |
| Record control number | (UkOxU)010780007 |
| 785 00 - SUCCEEDING ENTRY | |
| Title | Independent schools yearbook. Boys' schools, co-educational schools & preparatory schools |
| Record control number | (UkOxU)010355659 |
| 942 ## - ADDED ENTRY ELEMENTS (KOHA) | |
| Source of classification or shelving scheme | Dewey Decimal Classification |
| Koha item type | Books |
| Lost status | Source of classification or shelving scheme | Damaged status | Not for loan | Collection code | Permanent Location | Current Location | Shelving location | Date acquired | Source of acquisition | Cost, normal purchase price | Total Checkouts | Full call number | Date last seen | Copy number | Koha item type |
|---|---|---|---|---|---|---|---|---|---|---|---|---|---|---|---|
| Dewey Decimal Classification | Non-fiction | Central Library, University of Rajshahi | Central Library, University of Rajshahi | Reading Room | 13/06/1955 | british council | 0.00 | 373.42 PUB 1934 | 15/04/2014 | C-1 | Books |